1759 1864 1111 1240 1256 1176 1401 1866 1351 1584 1957 1553 1708 1905 1767 1522 1252 1992 1802 1080 1172 1493 1974 1544 1078 1199 1780 1625 1685 1070 1827 1977 1979 1442 1199 1839 1779 1946 1691 1077 1618 1804 1028 1886 1958 1164 1548 1864 1109 1306 1828 1681 1477 1359 1116 1936 1714 1131 1168 1455 1973 1912 1762 1046 1081 1180 1499 1516 1489 1142 1311 1339 1818 1767 1488 1112 1843 1982 1800 1475 1381 1790 1518 1856 1180 1612 1075 1516 1421 1881 1505 1369 1017 1952 1379 1697 1082 1641 1792 BCNSPRNW ULIB Ver.6.0+V

เปลี่ยนเป็นภาษาไทย

Change to English
 แสดงรายละเอียดบรรณานุกรม
  กลับหน้าหลัก

Brief Record : Get Marc (ISO 2709) : E-mail record : QR code < ปิดหน้าต่าง
LEADER : 00000nas 2200000uu 4500
001    13399114643
003     ULIB
008    120425s||||||||th 000 0 tha d
022    ^a19057164
110    ^aคณะสาธารณสุขศาสตร์.^bมหาวิทยาลัยบูรพร
245    ^aวารสารสาธารณสุขมหาวิทยาลัยบูรพา(ว.นครสวรรค์) /^cมหาวิทยาลัยบูรพา
260    ^aมหาวิทยาลัยบูรพา :^bคณะสาธารณสุขศาสตร์,^cม.ป.ป.
310    ^aราย 6 เดือน
850 ^a ULIB:campus^bปีที่ 10 ฉบับที่ 2 ฉ.1
945    ^p0^l0^i801560
999 ^a ใช้งานได้ทุกระบบ
รายการนี้ยังไม่มีแท็ก
คุณยังไม่ได้ล็อกอิน คุณสามารถมีกิจกรรมร่วมกับเว็บไซต์ได้ แต่ต้องล็อกอินก่อน ::
  ล็อกอิน

รายการสื่อสารสนเทศ (วารสาร)

ดูแบบ: กล่อง รายการ
ARRIVED
ปีที่ 10 ฉบับที่ 2 ฉ.1
สถานที่: ห้องสมุดวิทยาเขตนครสวรรค์ >วารสาร

BibComment


ยังไม่เคยถูกคอมเมนท์

คอมเมนท์ทรัพยากรรายการนี้
  คอมเมนท์: วารสารสาธารณสุขม..


 Copyright 2026. Bcnsprnw @Library